Vek omylnosti dôsledky vojny proti terorizmu
Salvato in:
| Autore principale: | |
|---|---|
| Altri autori: | , |
| Natura: | Libro |
| Lingua: | slovacco |
| Pubblicazione: |
Bratislava
Kalligram
2007
|
| Soggetti: | |
| Tags: |
Nessun Tag, puoi essere il primo ad aggiungerne!!
|
MARC
| LEADER | 00000nam$a2200000$$$4500 | ||
|---|---|---|---|
| 001 | 0070527 | ||
| 005 | 20221207101359.6 | ||
| 020 | |a 978-80-7149-954-1 | ||
| 041 | 0 | |a slo | |
| 044 | |a SK | ||
| 245 | 1 | 0 | |a Vek omylnosti |b dôsledky vojny proti terorizmu |c George Soros ; preklad: Pavel Vilikovský, Richard Cedzo |
| 264 | 1 | |a Bratislava |b Kalligram |c 2007 | |
| 300 | |a 222 s. | ||
| 610 | 2 | 0 | |a politika medzinárodná |
| 610 | 2 | 0 | |a vojny |
| 610 | 2 | 0 | |a terorizmus |
| 610 | 2 | 0 | |a spoločnosť občianska |
| 610 | 2 | 0 | |a dejiny |
| 610 | 2 | 0 | |a kríza energetická |
| 610 | 2 | 0 | |a globalizácia |
| 610 | 2 | 0 | |a Amerika |
| 610 | 2 | 0 | |a Európska únia |
| 100 | 1 | |a Soros, George | |
| 700 | 1 | |a Vilikovský, Pavel | |
| 700 | 1 | |a Cedzo, Richard | |